Civil War Presidents Quiz Stats

 Plays Quiz Updated May 29, 2016

Challenge
Share
Tweet
Embed
Score 0/17 Timer 02:00
1 Play Today
% Correct
Abraham Lincoln
97.4%
Andrew Johnson
86.6%
Ulysses S. Grant
86.6%
James Buchanan
82.8%
James Garfield
81.2%
Rutherford B. Hayes
79%
Chester A. Arthur
78.9%
Grover Cleveland
78.1%
Millard Fillmore
76.5%
% Correct
Franklin Pierce
75.9%
Benjamin Harrison
74.2%
William McKinley
71.3%
John Tyler
63.9%
William H. Taft
60.6%
Theodore Roosevelt
58%
Martin Van Buren
54.9%
Woodrow Wilson
39.2%

You're not logged in!

Compare scores with friends on all Sporcle quizzes.
OR
Log In

You Might Also Like...

Show Comments

Extras

Top Quizzes Today


Score Distribution

Your Account Isn't Verified!

In order to create a playlist on Sporcle, you need to verify the email address you used during registration. Go to your Sporcle Settings to finish the process.

Report this User

Report this user for behavior that violates our Community Guidelines.

Details: